| 000 | 00926nmm a2200277 a 4500 | ||
|---|---|---|---|
| 001 | ocm000604993 | ||
| 003 | TR-IsHL | ||
| 005 | 20201028134302.0 | ||
| 008 | 131121s2008 tu tur | ||
| 007 | cr cn | ||
| 020 | _a9789944425902 | ||
| 035 |
_a604993 _b(N$T) |
||
| 050 | 0 | 4 |
_aPR6062.I484 _bE53 2008 |
| 090 | 0 | 4 |
_aPR6062.I484 _bE53 2008 |
| 100 | 1 | _aLindsay, Frederic | |
| 245 | 1 | 0 |
_aSonlardaki adam _h[electronic resource] / _cFrederic Lindsay ; çev. H. Gülrü Yüksel |
| 260 |
_aİstanbul : _bBilge Kültür Sanat, _c2008 |
||
| 300 | _a281 p. | ||
| 650 | 4 | _aDil ve Edebiyat | |
| 650 | 4 | _aLanguage and Literature | |
| 650 | 0 | _aİskoç romanı | |
| 650 | 0 | _aScottish fiction | |
| 650 | 7 |
_aLITERARY COLLECTIONS / European / English, Irish, Scottish, Welsh _2bisacsh |
|
| 700 | 1 | _aYüksel, H. Gülrü | |
| 856 | 4 | 0 | _uhttp://search.ebscohost.com/login.aspx?direct=true&scope=site&db=e011xww&AN=604993 |
| 999 |
_c6107 _d6107 |
||